NetWare for Macintosh user's guide : the complete guide to using and understanding Novell's NetWare for Macintosh
Αποθηκεύτηκε σε:
| Κύριος συγγραφέας: | |
|---|---|
| Μορφή: | Βιβλίο |
| Γλώσσα: | English |
| Δημοσίευση: |
Redwood City, CA :
M&T Books,
c1990.
|
| Θέματα: | |
| Ετικέτες: |
Προσθήκη ετικέτας
Δεν υπάρχουν, Καταχωρήστε ετικέτα πρώτοι!
|
MARC
| LEADER | 00000cam a2200000 i 4500 | ||
|---|---|---|---|
| 001 | 1/39955 | ||
| 008 | 971111s1990 cau| ||| |||| ||eng|| | ||
| 020 | |a 1558511261 | ||
| 035 | |l 10041135 | ||
| 035 | |a 1997 |c ΔΩΡΕΑ ΤΖΑΦΕΡΗ | ||
| 040 | |a GR-MyUa |b gre |e AACR2 | ||
| 041 | 0 | |a eng | |
| 082 | 7 | |a 005.71369 |2 (22) | |
| 100 | 1 | |a Lindberg, Kelley J. P. | |
| 245 | 1 | 0 | |a NetWare for Macintosh user's guide : |b the complete guide to using and understanding Novell's NetWare for Macintosh / |c Kelley J.P. Lindberg. |
| 260 | |a Redwood City, CA : |b M&T Books, |c c1990. | ||
| 300 | |a 326 σ. : |b εικ. ; |c 24 εκ. | ||
| 500 | |a Περιλαμβάνει ευρετήριο. | ||
| 630 | 0 | 0 | |a NetWare. |
| 650 | 0 | |a Macintosh (Computer) | |
| 852 | |a INST |b SAMOS |e 19971111 |h 005.71369 LIN |p 005300008535 |q 005300008535 |t BK |y 0 | ||
| 901 | |a BIBL-1997-2 | ||